[Event "Patras op"]
[Site "Patras"]
[Date "2002.08.02"]
[Round "3.19"]
[White "Iliopoulos, Alexios"]
[Black "Koutsidis, Mihail"]
[Result "0-1"]
[WhiteElo "1670"]
[BlackElo "2126"]
[PlyCount "56"]
[EventDate "2002.08.??"]
[EventType "swiss"]
[EventRounds "9"]
[EventCountry "GRE"]
[SourceTitle "CBM 089 Extra"]
[Source "ChessBase"]
[SourceDate "2002.09.10"]
[SourceVersion "2"]
[SourceVersionDate "2002.09.10"]
[SourceQuality "1"]

1. e4 c5 2. Nc3 Nc6 3. g3 g6 4. Bg2 Bg7 5. d3 d6 6. Be3 Nf6 7. h3 0-0 8. Qd2 Nd4 9. Nd1 Re8 10. c3 Nc6 11. Bh6 Bh8 12. f4 Rb8 13. Ne3 Bd7 14. Nf3 b5 15. g4 e6 16. h4 b4 17. h5 bxc3 18. bxc3 d5 19. hxg6 fxg6 20. Bg5 dxe4 21. Ne5 Rf8 22. Bxe4 Nxe5 23. Qh2 Qa5 24. Rd1 Rf7 25. Bxf6 Bxf6 26. fxe5 Qxc3+ 27. Rd2 Bxe5 28. Qh4 Bd4 0-1

[Event "Patras op 3rd"]
[Site "Patras"]
[Date "2001.07.24"]
[Round "7"]
[White "Khurtsidze, Nino"]
[Black "Koutsidis, Mihail"]
[Result "1-0"]
[WhiteElo "2446"]
[BlackElo "2126"]
[PlyCount "69"]
[EventDate "2001.07.18"]
[EventType "swiss"]
[EventRounds "9"]
[EventCountry "GRE"]
[SourceTitle "CBM 083 Extra"]
[Source "ChessBase"]
[SourceDate "2001.09.11"]
[SourceVersion "1"]
[SourceVersionDate "2001.09.11"]
[SourceQuality "1"]

1. d4 c5 2. d5 e5 3. e4 d6 4. Nc3 Be7 5. Nf3 a6 6. a4 b6 7. Be2 Nd7 8. 0-0 h6 9. Nd2 Nf8 10. Bg4 Ng6 11. Nc4 Bxg4 12. Qxg4 Nf6 13. Qe2 0-0 14. g3 Re8 15. Bd2 Bf8 16. Rfb1 Nd7 17. b4 Rb8 18. Rb2 Qc7 19. Rab1 Rec8 20. bxc5 Qxc5 21. Ne3 Ra8 22. Na2 Qc7 23. a5 b5 24. c4 Nc5 25. cxb5 axb5 26. f3 Ne7 27. Rxb5 Qa7 28. Kg2 Rc7 29. Nc4 f5 30. Nc3 fxe4 31. fxe4 Nc8 32. Rb6 Rf7 33. Nb5 Qd7 34. Rc6 Rb8 35. Rxc5 1-0